| 000 | 00780nam a22002537a 4500 | ||
|---|---|---|---|
| 003 | 0 | ||
| 005 | 20180704111836.0 | ||
| 008 | 0 | ||
| 010 | _aB-109701 | ||
| 020 |
_c150.00 _a9781845570316 |
||
| 035 | _aB-109701, B-109703 | ||
| 037 | _bCen Lib/Ret | ||
| 040 |
_aDPL _bEN _c0 |
||
| 082 |
_a613 _bDEV |
||
| 100 |
_aDevaraj, T. L _925863 |
||
| 245 |
_aHealth & longevity through ayurveda, yoga and nature cure / _cby T. L. Devaraj |
||
| 260 |
_aNew Delhi _bNew Dawn Press _c2003 |
||
| 270 |
_aA-59, Okhla Industrial Area, Phase-II _bNew Delhi _e110020 |
||
| 300 |
_axi,292p. : _c21cm(pbk) _bill. |
||
| 500 | _aIncludes bibliographical references | ||
| 650 |
_aLongevity _942211 |
||
| 650 |
_aMedicine, Ayurvedic _942212 |
||
| 942 |
_2ddc _cEN _h613 _mDEV |
||
| 999 |
_c134937 _d134937 |
||